| 000 | 00659nam a22001937a 4500 | ||
|---|---|---|---|
| 999 |
_c6605 _d6605 |
||
| 003 | AR-CdUCM | ||
| 008 | 190318b ||||| |||| 00| 0 eng d | ||
| 040 |
_aMUNICIPALIDAD PROVINCIAL DEL CUSCO _cBIBLIOTECA MUNICIPAL DEL CUSCO |
||
| 082 |
_a530 / _bAU88 |
||
| 100 |
_aAuswertungen ,Wissenschaftliche _918587 |
||
| 245 |
_aClimate of the 21 st Century : _bChanges and Risks / |
||
| 260 |
_aAlemania : _bJosé L. Lozán ; Hartmut GraBI ; Peter Hupfer _c2001. |
||
| 300 |
_a448 páginas ; _c24.7 cm. |
||
| 650 |
_aCambio Climatico _918588 |
||
| 650 |
_aEfecto Invernadero _918589 |
||
| 650 |
_aCambio Medioambiental _918590 |
||
| 942 |
_2ddc _cLIBROS |
||
| 945 | _artm | ||